| 000 | 00648nam a22002177a 4500 | ||
|---|---|---|---|
| 001 | 00028570 | ||
| 005 | 20260316103646.0 | ||
| 008 | 260316b ag ||||| |||| 00| 0 spa d | ||
| 020 | _a9505735650 | ||
| 040 |
_aAR-CcCEOS _bspa _cAR-CcCEOS |
||
| 041 | _aspa | ||
| 080 | _a248.2 | ||
| 090 | _bVAS | ||
| 100 | 1 |
_aVasquez, Manuel _9900 |
|
| 245 |
_aLa nueva era ataca : _bLa Nueva Era ha invadido su vida y su hogar. ¿Sabe dónde están sus trampas? / _cManuel Vásquez |
||
| 250 | _a1ª ed. | ||
| 260 |
_aBuenos Aires : _bSudamericana, _c1996. |
||
| 300 |
_a158 p. ; _c24x15 cm., |
||
| 655 | 0 |
_ateología mística _9901 |
|
| 942 |
_2udc _cBK _n0 |
||
| 999 |
_c28600 _d28600 |
||